000 00832pam a2200265 a 4500
001 3806953
003 ARRUPE
005 20131022161538.0
008 860116r1986 nyu 000 1 eng
010 _a 85043440
020 _a0394744519 (pbk.) :
_c$8.95
040 _aDLC
_cDLC
_dDLC
041 1 _aengfre
050 0 0 _aPQ2607.U8245
_bM313 1986
082 0 0 _a843/.912
_219
100 1 _aDuras, Marguerite.
_92618
240 1 0 _aMarin de Gibraltar.
_lEnglish
245 1 4 _aThe sailor from Gibraltar /
_cMarguerite Duras ; translated from the French by Barbara Bray.
250 _a1st American pbk. ed.
260 _aNew York :
_bPantheon Books,
_c[1986]
300 _a318 p. ;
_c22 cm.
500 _aTranslation of: Le marin de Gibraltar.
906 _a7
_bcbc
_corignew
_d1
_eocip
_f19
_gy-gencatlg
942 _2lcc
_cMONOGRAPH
999 _c118369
_d118369